Flujos migratorios y cambio social en la Región de Murcia /

Este artículo trata sobre los diferentes flujos migratorios internacionales que han llegado a la Región de Murcia desde mediados de los 80 hasta la actualidad. El artículo examina los cambios en estas tres décadas de migraciones económicas, asociados con características demográficas, estrategias fam...

Full description

Bibliographic Details
Main Author: Pedreno Canovas, Andrés
Other Authors: Torres Perez, Francisco
Format: Revista
Language:Spanish
Published: Madrid Servicio de Publicaciones de la Universidad Complutense 2008
Subjects:
Online Access:

MARC

LEADER 00000nas a22000001a 4500
001 037366
003 UAHC_CL
005 20170803124123.0
008 091020c2008 cl fr p 000 spa d
040 |a UAHC_CL  |c UAHC_CL  |d UAHC_CL 
100 1 |a Pedreno Canovas, Andrés 
245 1 0 |a Flujos migratorios y cambio social en la Región de Murcia /  |c Andrés Pedreno Canovas, Francisco Torres Perez. 
260 |b Servicio de Publicaciones de la Universidad Complutense  |c 2008  |a Madrid 
300 |a p. 147-166 
362 0 |a Vol. 1, no. 1 (1998)- 
500 |a En: Politica y Sociedad. Vol. 45, no. 1 (2008). pp. 147-166. ISSN: 1130-8001. 
520 |a Este artículo trata sobre los diferentes flujos migratorios internacionales que han llegado a la Región de Murcia desde mediados de los 80 hasta la actualidad. El artículo examina los cambios en estas tres décadas de migraciones económicas, asociados con características demográficas, estrategias familiares, distribución espacial e inserción residencial, y las trayectorias laborales, vinculando estas cuestiones con los procesos de integración y las relaciones interétnicas. Estos procesos son ilustrados con el análisis de fuentes censales y con algunos ejemplos obtenidos de diferentes trabajos de campo cualitativos. El artículo pretende mostrar... (Leer más) que los trabajadores inmigrantes conforman trayectorias de acusada estratificación de clase y ausencia de derechos creadas por formas de discriminación y explotación tanto legales como extralegales. 
520 |a Este artículo trata sobre los diferentes flujos migratorios internacionales que han llegado a la Región de Murcia desde mediados de los 80 hasta la actualidad. El artículo examina los cambios en estas tres décadas de migraciones económicas, asociados con características demográficas, estrategias familiares, distribución espacial e inserción residencial, y las trayectorias laborales, vinculando estas cuestiones con los procesos de integración y las relaciones interétnicas. Estos procesos son ilustrados con el análisis de fuentes censales y con algunos ejemplos obtenidos de diferentes trabajos de campo cualitativos. El artículo pretende mostrar... (Leer más) que los trabajadores inmigrantes conforman trayectorias de acusada estratificación de clase y ausencia de derechos creadas por formas de discriminación y explotación tanto legales como extralegales. 
650 4 |a EMPLEO 
650 4 |a MIGRACION 
700 1 |a Torres Perez, Francisco 
759 |a PP105 
773 0 |t Politica y sociedad  |x 11308001  |d Madrid  |g Vol. 45, no. 1 (2008). pp. 41-60. 
773 0 |t Política y sociedad  |w 037357 
900 |a POLITICA SOC.-01/08 
942 |c REV 
952 |0 0  |1 0  |4 0  |6 POLITICA_SOC_01_08_000000000000000  |7 0  |8 General  |9 71273  |a BC  |b BC  |c General  |d 2017-08-03  |l 0  |o POLITICA SOC.-01/08  |p FICTICIO5415  |r 2019-01-08 00:00:00  |t 1  |w 2017-08-03  |y REV 
999 |c 37366  |d 37366